LEADER 00682nam a2200193 i 4500 001 000000205522 003 CaOOAMICUS 005 20200526160420.0 008 110824s1801 it u000 u ita u 013 $a184259 026 $aCOLA l.o. hene Ge(y (3) 1801 (R) 040 $aSeMil$bita 245 10$aTomo 2. 300 $a[4], 355, [1] p. 773 0 $aMacpherson, James$tPoesie di Ossian antico poeta celtico. Tomo 1. [-4.].$dPisa : Dalla Tipografia della Società letteraria, 1801.$g2$w()14819 850 $aSeMil 852 $aSeMil$W1$xVenegono$y1$m1I VI 29 FA$j156016$B156016$CSeMilBibl$Z2$F167366 $8I 996 $6245$aTomo 2$9(OLS)http://semarc/title/49331 LEADER 00396nab a2200145 i 4500 001 000000278339 003 CaOOAMICUS 005 20190418113733.0 008 121219n xx uu u0 0und r 013 $a29140 040 $aSeMil$bita 245 10$aSummer. 773 0 $t[2012].$dChicago : DePaul University, copyr. 2012.$w()217768 996 $6245$aSummer$9(OLS)http://semarc/title/421132